[Event "K2 2021/22"]
[Site "Mittelfranken-Süd"]
[Date "2022.06.05"]
[Round "4.1"]
[White "Moosburger, Michael"]
[Black "Lorenz, Mathias"]
[Result "0-1"]
[WhiteElo "1262"]
[BlackElo "1535"]
[Annotator "FM"]
[PlyCount "54"]
[EventDate "2022.06.??"]
[EventType "team"]
[EventRounds "5"]
[SourceVersionDate "2019.02.03"]
[WhiteTeam "Allersberger SC II"]
[BlackTeam "SKS II"]

1. e4 d6 2. Nc3 e5 3. Nf3 Nf6 4. Bc4 Be7 5. d3 O-O 6. h3 c6 7. O-O Qc7 8. Re1
Nbd7 9. d4 b5 10. Bb3 b4 11. Ne2 $2 {Stellt einfach einen Bauern ein.} (11. Na4
c5 12. c3 $11) 11... Nxe4 $17 12. Qd3 d5 13. a3 $2 bxa3 14. bxa3 Bd6 ({
Effektvoller wäre gewesen} 14... Ba6 $1 15. c4 (15. Qxa6 Ndc5 $19) 15... exd4
16. Nexd4 Ndc5 $19) 15. Bb2 Nxf2 $1 {Gut gesehen!} 16. Kxf2 $2 e4 $19 17. Qc3
exf3 18. Qxf3 Nf6 19. c3 $2 (19. Nc3 Ba6 $19) 19... Ne4+ 20. Ke3 $2 Re8 21. Kd3
Ba6+ 22. Kc2 Re6 23. Rad1 Rb8 24. a4 $2 Qb7 25. Nc1 Bc4 26. Re3 Bxb3+ 27. Nxb3
Qxb3+ 0-1

[Event "K2 2021/22"]
[Site "Mittelfranken-Süd"]
[Date "2022.06.05"]
[Round "4.2"]
[White "Schwarz, Jonas"]
[Black "Zengerle, Matthias"]
[Result "1-0"]
[WhiteElo "1109"]
[BlackElo "1170"]
[Annotator "FM"]
[PlyCount "67"]
[EventDate "2022.06.??"]
[EventType "team"]
[EventRounds "5"]
[SourceVersionDate "2019.02.03"]
[WhiteTeam "SKS II"]
[BlackTeam "Allersberger SC II"]

1. e4 c5 2. Nf3 d6 3. d4 cxd4 4. Nxd4 Nf6 5. Nc3 a6 6. Bd3 Bd7 7. O-O Nc6 8.
Be3 g6 9. Nd5 $1 {Gut gesehen!} Bg7 $2 {Reingefallen!} (9... Nxd5 10. exd5 Ne5
11. Be2 $16) 10. Nxc6 bxc6 11. Bb6 Qc8 12. Nc7+ Kf8 13. Nxa8 Qxa8 14. Qe2 a5
15. Bd4 c5 16. Bc3 Nh5 17. Qd2 a4 18. Bxg7+ Kxg7 19. f3 Rb8 20. Qc3+ e5 21.
Rab1 Nf4 22. g3 Ne6 23. f4 Nd4 24. fxe5 Bb5 $2 25. Bxb5 Nxb5 26. Qc4 Qa7 27.
exd6 Nxd6 28. Qd5 Nb5 29. Kg2 a3 30. bxa3 Kg8 31. c4 Nc3 32. Rxb8+ Qxb8 33.
Qxf7+ Kh8 34. Qf6+ 1-0

[Event "K2 2021/22"]
[Site "Mittelfranken-Süd"]
[Date "2022.06.05"]
[Round "4.3"]
[White "Stopper, Leon"]
[Black "Nägele, Otto"]
[Result "1/2-1/2"]
[WhiteElo "984"]
[BlackElo "1138"]
[Annotator "FM"]
[PlyCount "58"]
[EventDate "2022.06.??"]
[EventType "team"]
[EventRounds "5"]
[SourceVersionDate "2019.02.03"]
[WhiteTeam "Allersberger SC II"]
[BlackTeam "SKS II"]

1. e4 e5 2. Nf3 Nc6 3. Bc4 Bc5 4. c3 Nf6 5. d3 d6 6. O-O Be6 7. Nbd2 O-O 8. Re1
Ng4 9. Re2 Bxc4 10. Nxc4 d5 11. Ne3 dxe4 12. dxe4 Qxd1+ 13. Nxd1 Rad8 14. Be3
Nxe3 15. Nxe3 Bxe3 16. Rxe3 f5 $6 (16... f6 17. Ree1 Na5 18. Kf1 Nc4 19. b3 Nb2
20. Ke2 Rf7 21. Rab1 Nd3 22. Red1 Rfd7 $11) 17. exf5 Rxf5 18. g4 $6 Rf4 19. h3
e4 20. Ng5 Rd2 21. Nxe4 Rxb2 22. Nc5 $2 Rfxf2 23. Nd3 $6 Rxa2 $6 (23... Rg2+
24. Kf1 Rbc2 $19) 24. Nxf2 $2 (24. Re8+ Kf7 25. Rc8 $15) 24... Rxa1+ 25. Kg2
Kf7 26. Rf3+ Ke6 27. Ne4 Ra5 (27... Kd5 $1 {Der K ist die stärkste Figur im
Endspiel!}) 28. h4 h6 29. Kg3 g5 $6 $19 {Schwarz steht immer noch auf Gewinn.}
1/2-1/2

[Event "K2 2021/22"]
[Site "Mittelfranken-Süd"]
[Date "2022.06.05"]
[Round "4.4"]
[White "Arlt, Julia"]
[Black "Pfaller, Elias"]
[Result "1-0"]
[WhiteElo "1031"]
[BlackElo "877"]
[Annotator "FM"]
[PlyCount "63"]
[EventDate "2022.06.??"]
[EventType "team"]
[EventRounds "5"]
[SourceVersionDate "2019.02.03"]
[WhiteTeam "SKS II"]
[BlackTeam "Allersberger SC II"]

1. e4 e5 2. Nf3 Nc6 3. Bc4 Bc5 4. Nc3 d6 5. d3 Nf6 6. Be3 Bxe3 7. fxe3 O-O 8.
O-O Bd7 9. Qe2 Qe7 10. Rad1 Bg4 11. d4 a6 12. Qf2 b5 $6 13. dxe5 $6 (13. Nd5
Nxd5 14. Bxd5 Bd7 15. dxe5 dxe5 16. Ng5 $1 Qxg5 17. Bxf7+ Kh8 18. Rxd7 $16)
13... Nxe5 14. Be2 Bd7 15. Nd5 $2 ({Nötig war} 15. Nxe5 Qxe5 16. Qf4 Rae8 $17)
15... Nxd5 16. exd5 Ng4 17. Qg3 Nxe3 18. Bd3 Nxd1 19. Bxh7+ $6 Kh8 (19... Kxh7
20. Rxd1 (20. Ng5+ Kg8 21. Qh4 Qe3+ 22. Kh1 Nf2+ $17) 20... Rfe8 $19) 20. Rxd1
Qe3+ $6 (20... Kxh7 21. Ng5+ Kg8 22. Qh4 Bf5 $19) 21. Kh1 Qh6 22. Bd3 Rae8 23.
Rf1 f6 $6 24. Nh4 Re5 $2 25. Ng6+ Kg8 26. Nxe5 fxe5 27. Rxf8+ Kxf8 28. h3 Qc1+
29. Kh2 Qxb2 $2 30. Qh4 $2 (30. Qf2+ $1 Kg8 (30... Ke7 31. Bg6 Be8 32. Qh4+ Kd7
33. Bf5#) 31. Qh4 $18) 30... Qxa2 $4 31. Qd8+ ({Noch schneller ging es mit} 31.
Bg6 $1 {nebst Matt in 2 Zügen.}) 31... Kf7 32. Qxd7+ 1-0

[Event "K2 2021/22"]
[Site "Mittelfranken-Süd"]
[Date "2022.06.05"]
[Round "4.5"]
[White "Bauer, Tobias"]
[Black "Kupka, Daniel"]
[Result "0-1"]
[WhiteElo "768"]
[BlackElo "926"]
[Annotator "FM"]
[PlyCount "92"]
[EventDate "2022.06.??"]
[EventType "team"]
[EventRounds "5"]
[SourceVersionDate "2019.02.03"]
[WhiteTeam "Allersberger SC II"]
[BlackTeam "SKS II"]

1. e4 c5 2. d3 Nc6 3. b3 $6 Nf6 4. Bb2 e6 5. Nf3 Be7 6. d4 $2 Nxe4 7. d5 $2 Bf6
$1 8. dxc6 $2 Bxb2 9. cxb7 Bxb7 10. Nbd2 Bxa1 $6 (10... Nc3 {gewinnt die Q!})
11. Qxa1 Qa5 12. Bd3 Nxd2 13. Nxd2 O-O 14. Ke2 d5 15. c4 d4 16. Qb2 Rad8 17. a3
Qb6 18. b4 cxb4 19. axb4 a5 20. c5 Qxb4 21. Qb3 Qxb3 22. Nxb3 a4 23. Na5 Bxg2
24. Ra1 Rc8 25. Rc1 Rfd8 26. c6 Rd5 27. Nb7 Rxc6 {Hübsch!} ({Einfacher war
allerdings} 27... Re5+ 28. Kd2 Rxc6 $19) 28. Rxc6 Re5+ 29. Be4 Rxe4+ 30. Kd3
Re3+ 31. fxe3 Bxc6 32. Nc5 dxe3 33. Kxe3 a3 34. Nb3 a2 35. Kd4 Bd5 36. Na1 f6
37. Nc2 g5 38. Na1 h5 39. Ke3 f5 40. Kf2 f4 41. Nc2 g4 42. Na1 h4 43. Kg1 g3
44. h3 f3 45. Kf1 Kf7 46. Ke1 e5 0-1